00800nam a2200265Ia 450000500170000000800270001702000150004410000290005924500380008825000170012630000410014349000180018465000340020265000280023665000490026465000290031394200150034226400280035733600270038533700330041233800280044504000350047308400110050899900150051920220317000315.0141031s9999 ck 000 0 spa d a970627352010aVerne, Julio,d1828-190513aLa isla misteriosa c Julio Verne a1a edición a166 páginasbilustracionesc20 cm. aNuevo talento142LEMBaNovela juvenil francesa142LEMBaAventurasvNovela142LEMBaInfluencia sobre la naturalezavNovela142LEMBaNaufragiosvNovela 2loccBKLIT aMéxicobÉpocac2004 atextobtxt2rdacontent asin mediaciónbn2rdamedia avolumenbnc2rdacarrier aCO-BoRNBPbspaerdacCO-BoRNBP aN VER2 c3681d3681